| 000 | 00765nam a2200193 a 4500 | ||
|---|---|---|---|
| 001 | 000041912 | ||
| 005 | 20201002035827.0 | ||
| 008 | 130502s1997 sp 000 0 spa d | ||
| 040 |
_aDO-SdBNP _bspa _cBNPHU |
||
| 100 | 1 |
_aMuñoz, Isaac _d1881-1925 _968802 |
|
| 245 | 1 | 3 |
_aLa serpiente de Egipto / _cIsaac Muñoz ; edición, introducción y notas de Amelina Correa Ramón ; prólogo de Ricardo Olmos. |
| 260 |
_aMadrid : _bConsejo Superior de Investigaciones Científicas, _c1997. |
||
| 300 |
_a201 p. ; 21 cm. ; _c21 cm. |
||
| 490 | 1 |
_aMonografías _v19 |
|
| 500 | _aIncluye referencias bibliográficas y notas al pie de las páginas | ||
| 700 | 1 |
_aCorrea Ramón, Amelina _eed. _968371 |
|
| 700 | 1 |
_aOlmos, Ricardo _epról. _968803 |
|
| 830 | 0 |
_aMonografías _v19 _915334 |
|
| 999 |
_c41401 _d41401 |
||